Crisis counseling : (Record no. 5885)

MARC details
000 -LEADER
fixed length control field 01034cam a2200169 i 4500
020 ## - INTERNATIONAL STANDARD BOOK NUMBER
ISBN 0826400388
050 00 - CALL NUMBER
Classification number RC480.6
Item number .K38
100 1# - AUTHOR
Personal name Kennedy, Eugene C.
245 10 - TITLE
Title Crisis counseling :
Remainder of title an essential guide for nonprofessional counselors /
Statement of responsibility, etc Eugene Kennedy.
260 ## - PUBLICATION INFORMATION
Place of publication New York :
Name of publisher Continuum,
Year of publication 1981.
300 ## - DESCRIPTION
Number of Pages xii, 179 p. ;
Dimensions 24 cm.
500 ## - NOTES
General note Includes bibliography
505 ## - FORMATTED CONTENTS NOTE
Table of Content Is life a crisis? --<br/>What is a crisis? --<br/>Common sense --<br/>Approaching the crisis --<br/>Depression --<br/>Suicidal emergencies --<br/>The right to know --<br/>Rape --<br/>Loss and mourning --<br/>Drug abuse : what is it? --<br/>Problems of relationships --<br/>A child has been abused --<br/>Sexual abuse of the young --<br/>When disaster strikes --<br/>Life changes --<br/>Subtle emergencies --<br/>Crises for the helper --<br/>Crises of separation and divorce --<br/>Crises by phone --<br/>Even in the best of families --<br/>The ill and the injured --<br/>Crises for the counselor.
650 #0 - SUBJECTS
Topical Term Crisis intervention (Mental health services)
650 #0 - SUBJECTS
Topical Term Counseling.
942 ## - ADDED ENTRY ELEMENTS (KOHA)
Koha item type Books
Holdings
Withdrawn status Lost status Collection code Home library Current library Shelving location Date acquired Full call number Accession Number Koha item type
    Reference Methodist University Library Main Methodist University Library Main General Stacks 02/10/2015 RC480.6 .K38 2117 Books
Copyright © 2026  MUG Library